| 000 | 00387nam a22001457a 4500 | ||
|---|---|---|---|
| 003 | MACL | ||
| 005 | 20170827141523.0 | ||
| 008 | 170827b xxu||||| |||| 00| 0 eng d | ||
| 040 | _cMACL | ||
| 100 |
_aJhanji,R.S. _968891 |
||
| 245 | _aColonial Experirnce In The Major Fiction Of V.S. Naipaul | ||
| 260 |
_aDelhi _bAtlantic Publishers _c2015 |
||
| 650 |
_aFiction _968897 |
||
| 942 |
_2ddc _cBK |
||
| 999 |
_c56934 _d56934 |
||